[Event "Bundesliga 9697"]
[Site "Deutschland"]
[Date "1997.??.??"]
[Round "?.3"]
[White "Tischbierek, Raj"]
[Black "Watson, William N"]
[Result "1-0"]
[WhiteElo "2490"]
[BlackElo "2535"]
[PlyCount "115"]
[EventDate "1996.10.??"]
[EventType "team"]
[EventRounds "15"]
[EventCountry "GER"]
[SourceTitle "Bundesliga 9697"]
[Source "DeepChess"]
[SourceDate "2005.01.01"]
[SourceVersion "1"]
[SourceVersionDate "2005.01.01"]
[SourceQuality "1"]
[WhiteTeam "SV Empor Berlin e.V."]
[BlackTeam "SV Castrop Rauxel 1923"]
[WhiteTeamCountry "GER"]
[BlackTeamCountry "GER"]

1. e4 c5 2. Nf3 d6 3. d4 cxd4 4. Nxd4 Nf6 5. Nc3 g6 6. Be2 Bg7 7. O-O O-O 8.
Bg5 Nbd7 9. Re1 a6 10. Bf1 Re8 11. Qd2 b5 12. a4 b4 13. Nd5 Nxd5 14. exd5 Bb7
15. Nc6 Bxc6 16. dxc6 Ne5 17. Qxb4 Nxc6 18. Qb7 Na5 19. Qd5 Ra7 20. Rab1 Qc7
21. b4 Nb7 22. Be3 Raa8 23. a5 e6 24. Qb3 d5 25. Bb6 Qe7 26. c4 dxc4 27. Bxc4
Nd6 28. Bf1 Rec8 29. Rbc1 Bf8 30. Rc5 Qd7 31. Rd1 Qe8 32. Rdc1 Nb5 33. Rxc8
Rxc8 34. Rxc8 Qxc8 35. g3 Qc1 36. Kg2 Qc6+ 37. Qf3 Qc8 38. Qe4 Be7 39. h4 Nd6
40. Qf4 Nf5 41. Qc4 Qb7+ 42. Kh2 Qb8 43. Qxa6 Nxh4 44. Be2 Nf5 45. Bf3 Qe5 46.
Qa8+ Kg7 47. Qe4 Qa1 48. b5 h5 49. a6 h4 50. a7 hxg3+ 51. fxg3 Bd6 52. a8=Q
Bxg3+ 53. Kg2 Qb2+ 54. Be2 Bd6 55. Qd8 Qd2 56. Bd4+ Nxd4 57. Qxd6 Qg5+ 58. Qg3
1-0

[Event "Bundesliga 9697"]
[Site "Deutschland"]
[Date "1997.??.??"]
[Round "?.4"]
[White "Libeau, Rene"]
[Black "Volke, Karsten"]
[Result "1/2-1/2"]
[WhiteElo "2450"]
[BlackElo "2465"]
[PlyCount "57"]
[EventDate "1996.10.??"]
[EventType "team"]
[EventRounds "15"]
[EventCountry "GER"]
[SourceTitle "Bundesliga 9697"]
[Source "DeepChess"]
[SourceDate "2005.01.01"]
[SourceVersion "1"]
[SourceVersionDate "2005.01.01"]
[SourceQuality "1"]
[WhiteTeam "SV Castrop Rauxel 1923"]
[BlackTeam "SV Empor Berlin e.V."]
[WhiteTeamCountry "GER"]
[BlackTeamCountry "GER"]

1. c4 Nf6 2. Nc3 g6 3. g3 Bg7 4. Bg2 O-O 5. d3 c6 6. e4 a6 7. Nge2 b5 8. O-O d6
9. h3 Nbd7 10. Be3 Nb6 11. Nd4 Bb7 12. e5 dxe5 13. Nxc6 Bxc6 14. Bxc6 Rb8 15.
cxb5 axb5 16. Bxb5 Nbd5 17. a4 Nxc3 18. bxc3 Qc8 19. Kg2 Qxc3 20. Rc1 Qa5 21.
Rc5 Rfd8 22. Qc1 Nd5 23. Bd2 Qa7 24. Qc4 Nb6 25. Qc2 e4 26. Bf4 e5 27. Bxe5
Bxe5 28. Rxe5 exd3 29. Bxd3 1/2-1/2

[Event "Bundesliga 9697"]
[Site "Deutschland"]
[Date "1997.??.??"]
[Round "?.5"]
[White "Poldauf, Dirk"]
[Black "Dinstuhl, Volkmar"]
[Result "1-0"]
[WhiteElo "2470"]
[BlackElo "2405"]
[PlyCount "79"]
[EventDate "1996.10.??"]
[EventType "team"]
[EventRounds "15"]
[EventCountry "GER"]
[SourceTitle "Bundesliga 9697"]
[Source "DeepChess"]
[SourceDate "2005.01.01"]
[SourceVersion "1"]
[SourceVersionDate "2005.01.01"]
[SourceQuality "1"]
[WhiteTeam "SV Empor Berlin e.V."]
[BlackTeam "SV Castrop Rauxel 1923"]
[WhiteTeamCountry "GER"]
[BlackTeamCountry "GER"]

1. c4 Nf6 2. Nc3 c5 3. g3 d5 4. cxd5 Nxd5 5. Bg2 Nc7 6. Qb3 Nc6 7. Bxc6+ bxc6
8. Qa4 Qd7 9. Nf3 f6 10. d3 e5 11. Be3 Ne6 12. Rc1 Rb8 13. b3 Be7 14. Ne4 Rb5
15. O-O O-O 16. Rc2 Rb4 17. Qa5 Rb5 18. Qc3 Nd4 19. Bxd4 exd4 20. Qc4+ Kh8 21.
Qa4 f5 22. Ned2 Qc7 23. Nxd4 Rb6 24. N4f3 Rb4 25. Qa3 c4 26. bxc4 Rxc4 27. Qc1
Rxc2 28. Qxc2 Be6 29. Rc1 Rc8 30. Nd4 Bd7 31. N4b3 c5 32. d4 Bb5 33. Nxc5 Bxe2
34. Qxf5 Rd8 35. Re1 Bxc5 36. dxc5 Bb5 37. Nf3 Bd3 38. Qe5 Qf7 39. Ng5 Qxa2 40.
Qe8+ 1-0

[Event "Bundesliga 9697"]
[Site "Deutschland"]
[Date "1997.??.??"]
[Round "?.6"]
[White "Sehner, Norbert"]
[Black "Muse, Mladen"]
[Result "0-1"]
[WhiteElo "2390"]
[BlackElo "2445"]
[PlyCount "80"]
[EventDate "1996.10.??"]
[EventType "team"]
[EventRounds "15"]
[EventCountry "GER"]
[SourceTitle "Bundesliga 9697"]
[Source "DeepChess"]
[SourceDate "2005.01.01"]
[SourceVersion "1"]
[SourceVersionDate "2005.01.01"]
[SourceQuality "1"]
[WhiteTeam "SV Castrop Rauxel 1923"]
[BlackTeam "SV Empor Berlin e.V."]
[WhiteTeamCountry "GER"]
[BlackTeamCountry "GER"]

1. c4 g6 2. g3 Bg7 3. Bg2 e5 4. Nc3 Ne7 5. e3 O-O 6. Nge2 c6 7. d4 d6 8. O-O
Bg4 9. h3 Be6 10. d5 cxd5 11. cxd5 Bd7 12. Qb3 b6 13. Qa3 Nc8 14. e4 a5 15. b4
Na6 16. bxa5 Nc5 17. Be3 Rxa5 18. Qb4 f5 19. exf5 gxf5 20. f4 Nd3 21. Qc4 Nc5
22. Rad1 b5 23. Qb4 Na6 24. Qb2 b4 25. Nb1 Nb6 26. fxe5 dxe5 27. Nc1 Nc4 28.
Qe2 Nxe3 29. Qxe3 e4 30. Rf2 Ba4 31. Nb3 Rxd5 32. Rfd2 Nc7 33. Bf1 Rxd2 34.
Rxd2 Qe7 35. Qb6 Bxb3 36. axb3 Be5 37. Qc6 Kh8 38. g4 fxg4 39. hxg4 Ne6 40.
Qxe4 Ng5 0-1

[Event "Bundesliga 9697"]
[Site "Deutschland"]
[Date "1997.??.??"]
[Round "?.7"]
[White "Thinius, Marco"]
[Black "Hermesmann, Hans"]
[Result "1/2-1/2"]
[WhiteElo "2330"]
[BlackElo "2270"]
[PlyCount "107"]
[EventDate "1996.10.??"]
[EventType "team"]
[EventRounds "15"]
[EventCountry "GER"]
[SourceTitle "Bundesliga 9697"]
[Source "DeepChess"]
[SourceDate "2005.01.01"]
[SourceVersion "1"]
[SourceVersionDate "2005.01.01"]
[SourceQuality "1"]
[WhiteTeam "SV Empor Berlin e.V."]
[BlackTeam "SV Castrop Rauxel 1923"]
[WhiteTeamCountry "GER"]
[BlackTeamCountry "GER"]

1. b3 g6 2. Bb2 Nf6 3. g3 Bg7 4. Bg2 d5 5. Nf3 O-O 6. c4 c6 7. O-O a5 8. d3 a4
9. Na3 axb3 10. axb3 Na6 11. Nc2 Re8 12. h3 Bd7 13. Qb1 Qc8 14. Kh2 Qc7 15. Ne3
e5 16. cxd5 Nxd5 17. Nc4 Rad8 18. Rd1 Bc8 19. e4 Nb6 20. Bc3 Nxc4 21. dxc4 Nc5
22. Qc2 Rxd1 23. Rxd1 Ne6 24. Qb2 f6 25. b4 b6 26. Bf1 Bb7 27. Nd2 c5 28. b5
Nd4 29. Bxd4 exd4 30. Bd3 Qd7 31. Qc2 Ra8 32. Qb2 Bc8 33. Bf1 f5 34. Qc2 f4 35.
Qd3 Ra2 36. Kg1 fxg3 37. Qxg3 Bb7 38. Qb8+ Bf8 39. Bg2 Ra8 40. Qf4 Qf7 41. Qg3
Bh6 42. e5 Bxd2 43. e6 Qe7 44. Rxd2 Bxg2 45. Qxg2 Ra1+ 46. Kh2 Qxe6 47. Qg3 Kg7
48. Qc7+ Kh6 49. Qf4+ g5 50. Qf8+ Kg6 51. Re2 Qxe2 52. Qg8+ Kf6 53. Qf8+ Kg6
54. Qg8+ 1/2-1/2

[Event "Bundesliga 9697"]
[Site "Deutschland"]
[Date "1997.??.??"]
[Round "?.8"]
[White "Hille, Ralph Ingo"]
[Black "Kimpinsky, Frank"]
[Result "1/2-1/2"]
[WhiteElo "2235"]
[BlackElo "2270"]
[PlyCount "50"]
[EventDate "1996.10.??"]
[EventType "team"]
[EventRounds "15"]
[EventCountry "GER"]
[SourceTitle "Bundesliga 9697"]
[Source "DeepChess"]
[SourceDate "2005.01.01"]
[SourceVersion "1"]
[SourceVersionDate "2005.01.01"]
[SourceQuality "1"]
[WhiteTeam "SV Castrop Rauxel 1923"]
[BlackTeam "SV Empor Berlin e.V."]
[WhiteTeamCountry "GER"]
[BlackTeamCountry "GER"]

1. d4 d5 2. Nf3 Nf6 3. c4 c6 4. g3 e6 5. Bg2 Be7 6. O-O b5 7. b3 Nbd7 8. Nbd2
O-O 9. Qc2 a5 10. e4 a4 11. Rb1 axb3 12. axb3 Ba6 13. Rd1 Nxe4 14. Nxe4 dxe4
15. Ne5 Qc7 16. Nxd7 Qxd7 17. Bxe4 g6 18. Be3 Bb7 19. h4 f5 20. Bg2 Bd6 21. f4
Rfd8 22. Bf2 Bf8 23. Qe2 Kf7 24. Bf3 Bg7 25. Kg2 Ra3 1/2-1/2

[Event "Bundesliga 9697"]
[Site "Deutschland"]
[Date "1997.??.??"]
[Round "?.1"]
[White "Van der Sterren, Paul"]
[Black "Votava, Jan"]
[Result "1-0"]
[WhiteElo "2515"]
[BlackElo "2530"]
[PlyCount "67"]
[EventDate "1996.10.??"]
[EventType "team"]
[EventRounds "15"]
[EventCountry "GER"]
[SourceTitle "Bundesliga 9697"]
[Source "DeepChess"]
[SourceDate "2005.01.01"]
[SourceVersion "1"]
[SourceVersionDate "2005.01.01"]
[SourceQuality "1"]
[WhiteTeam "SV Castrop Rauxel 1923"]
[BlackTeam "SV Erfurt West 90"]
[WhiteTeamCountry "GER"]
[BlackTeamCountry "GER"]

1. d4 Nf6 2. Nf3 g6 3. c4 Bg7 4. Nc3 d5 5. Qb3 dxc4 6. Qxc4 O-O 7. e4 Bg4 8.
Be3 Nfd7 9. Qb3 Nb6 10. Rd1 Nc6 11. d5 Bxf3 12. gxf3 Ne5 13. Be2 Qc8 14. f4 Ng4
15. Bc5 Re8 16. Rg1 Nf6 17. e5 Nfd7 18. Be3 c6 19. Bg4 cxd5 20. Bxb6 axb6 21.
Qxd5 Nf6 22. exf6 exf6+ 23. Be2 f5 24. Rg3 Re6 25. Kf1 Qc7 26. Re3 Rc6 27. Qd7
Bxc3 28. Qxc7 Rxc7 29. Rxc3 Rxc3 30. bxc3 Rxa2 31. Rd7 Rc2 32. c4 Rb2 33. Rxb7
Kg7 34. Bf3 1-0

[Event "Bundesliga 9697"]
[Site "Deutschland"]
[Date "1997.??.??"]
[Round "?.2"]
[White "Casper, Thomas"]
[Black "Gallagher, Joseph G"]
[Result "1/2-1/2"]
[WhiteElo "2405"]
[BlackElo "2545"]
[PlyCount "96"]
[EventDate "1996.10.??"]
[EventType "team"]
[EventRounds "15"]
[EventCountry "GER"]
[SourceTitle "Bundesliga 9697"]
[Source "DeepChess"]
[SourceDate "2005.01.01"]
[SourceVersion "1"]
[SourceVersionDate "2005.01.01"]
[SourceQuality "1"]
[WhiteTeam "SV Erfurt West 90"]
[BlackTeam "SV Castrop Rauxel 1923"]
[WhiteTeamCountry "GER"]
[BlackTeamCountry "GER"]

1. e4 c5 2. Nf3 d6 3. Bb5+ Nd7 4. a4 Ngf6 5. d3 g6 6. O-O Bg7 7. Re1 O-O 8. h3
a6 9. Bxd7 Nxd7 10. a5 Nb8 11. e5 Nc6 12. exd6 Qxd6 13. Nbd2 Qc7 14. Nb3 Nd4
15. c3 Nxb3 16. Qxb3 e5 17. Qb6 Qxb6 18. axb6 Bf5 19. Nxe5 Rfe8 20. Bf4 Bxe5
21. Rxe5 Rxe5 22. Bxe5 Bxd3 23. Bd6 Rc8 24. Re1 a5 25. Ra1 Rc6 26. Bc7 Re6 27.
b3 c4 28. bxc4 Bxc4 29. Rxa5 Kf8 30. Ra7 Bd5 31. c4 Bc6 32. c5 Ke7 33. Ra8 Re4
34. Rc8 Ke6 35. Rd8 Ke7 36. Rc8 Re1+ 37. Kh2 Kd7 38. Rf8 Ke6 39. Bd6 Rb1 40.
Rc8 Rb2 41. Kg3 h5 42. h4 Kf5 43. Be7 Ke6 44. Bg5 Rb4 45. f3 Rc4 46. Be3 Rc3
47. Bf2 Rd3 48. Ra8 f6 1/2-1/2

[Event "Bundesliga 9697"]
[Site "Deutschland"]
[Date "1997.??.??"]
[Round "?.3"]
[White "King, Daniel J"]
[Black "Renner, Christoph"]
[Result "1/2-1/2"]
[WhiteElo "2535"]
[BlackElo "2445"]
[PlyCount "100"]
[EventDate "1996.10.??"]
[EventType "team"]
[EventRounds "15"]
[EventCountry "GER"]
[SourceTitle "Bundesliga 9697"]
[Source "DeepChess"]
[SourceDate "2005.01.01"]
[SourceVersion "1"]
[SourceVersionDate "2005.01.01"]
[SourceQuality "1"]
[WhiteTeam "SV Castrop Rauxel 1923"]
[BlackTeam "SV Erfurt West 90"]
[WhiteTeamCountry "GER"]
[BlackTeamCountry "GER"]

1. c4 f5 2. g3 Nf6 3. Bg2 g6 4. Nc3 Bg7 5. d3 d6 6. e4 Nc6 7. Nge2 e5 8. h3
fxe4 9. dxe4 Be6 10. Nd5 Qd7 11. Be3 O-O 12. Qd2 b6 13. g4 Na5 14. b3 Rf7 15.
O-O Raf8 16. Rad1 Nc6 17. f3 Ne8 18. b4 Nd8 19. c5 dxc5 20. bxc5 Nc6 21. Qc2
Qc8 22. a4 Qb7 23. Kh1 Na5 24. f4 c6 25. f5 gxf5 26. gxf5 cxd5 27. fxe6 Rxf1+
28. Rxf1 Rxf1+ 29. Bxf1 d4 30. Bd2 Nc6 31. Ng3 Nf6 32. cxb6 axb6 33. Kh2 Ne7
34. Qb1 Qc6 35. Bb4 Qxe6 36. Bxe7 Qxe7 37. Qxb6 Bh6 38. Bc4+ Kh8 39. Nf5 Qf8
40. Qe6 Bf4+ 41. Kg2 Nxe4 42. a5 Nc5 43. Qd5 h5 44. Ne7 Qg7+ 45. Kf1 Qh7 46.
Qxc5 Qb1+ 47. Ke2 Qe4+ 48. Kd1 Qb1+ 49. Ke2 Qe4+ 50. Kd1 Qb1+ 1/2-1/2

[Event "Bundesliga 9697"]
[Site "Deutschland"]
[Date "1997.??.??"]
[Round "?.4"]
[White "Kuczynski, Robert"]
[Black "Appel, Ralf"]
[Result "1-0"]
[WhiteElo "2500"]
[BlackElo "2495"]
[PlyCount "81"]
[EventDate "1996.10.??"]
[EventType "team"]
[EventRounds "15"]
[EventCountry "GER"]
[SourceTitle "Bundesliga 9697"]
[Source "DeepChess"]
[SourceDate "2005.01.01"]
[SourceVersion "1"]
[SourceVersionDate "2005.01.01"]
[SourceQuality "1"]
[WhiteTeam "SV Erfurt West 90"]
[BlackTeam "SV Castrop Rauxel 1923"]
[WhiteTeamCountry "GER"]
[BlackTeamCountry "GER"]

1. e4 Nf6 2. e5 Nd5 3. d4 d6 4. c4 Nb6 5. exd6 exd6 6. Nc3 Be7 7. h3 O-O 8. Nf3
c6 9. Bd3 d5 10. cxd5 Nxd5 11. O-O Be6 12. Re1 Nd7 13. a3 Re8 14. Qc2 Nf8 15.
Bd2 h6 16. Re2 Bd6 17. Ne5 Bxe5 18. dxe5 Nxc3 19. Bxc3 a5 20. Re3 Bd5 21. f4 b5
22. Qf2 Qb6 23. Rae1 b4 24. Bd2 Qd4 25. Bc1 bxa3 26. bxa3 Rab8 27. Bc2 Ba2 28.
Bd2 Qc5 29. Bc3 Bb3 30. Bb1 Rbd8 31. f5 Rd1 32. Rxd1 Bxd1 33. Rg3 Qxf2+ 34.
Kxf2 Nh7 35. e6 f6 36. h4 a4 37. Rd3 Bb3 38. Rd7 h5 39. Be4 Rc8 40. Bxc6 Nf8
41. Rd6 1-0

[Event "Bundesliga 9697"]
[Site "Deutschland"]
[Date "1997.??.??"]
[Round "?.5"]
[White "Dinstuhl, Volkmar"]
[Black "Mueller, Matthias"]
[Result "1-0"]
[WhiteElo "2405"]
[BlackElo "2375"]
[PlyCount "69"]
[EventDate "1996.10.??"]
[EventType "team"]
[EventRounds "15"]
[EventCountry "GER"]
[SourceTitle "Bundesliga 9697"]
[Source "DeepChess"]
[SourceDate "2005.01.01"]
[SourceVersion "1"]
[SourceVersionDate "2005.01.01"]
[SourceQuality "1"]
[WhiteTeam "SV Castrop Rauxel 1923"]
[BlackTeam "SV Erfurt West 90"]
[WhiteTeamCountry "GER"]
[BlackTeamCountry "GER"]

1. c4 e5 2. Nc3 Nf6 3. g3 Bb4 4. Bg2 O-O 5. e4 Bxc3 6. dxc3 d6 7. Qe2 a6 8. Nf3
b5 9. O-O Nbd7 10. Rd1 Bb7 11. Nd2 Rb8 12. b4 c5 13. cxb5 axb5 14. Nb3 Qc7 15.
Na5 Ba8 16. Qd3 Rb6 17. Be3 Ng4 18. Bd2 Ngf6 19. Rac1 Re8 20. c4 cxb4 21. Bxb4
Nc5 22. Bxc5 Qxc5 23. cxb5 Qxb5 24. Qxb5 Rxb5 25. Nc4 Reb8 26. Nxd6 Rb2 27. a4
Ng4 28. Nc4 Ra2 29. f3 Nh6 30. a5 g6 31. Ra1 Rc2 32. Nxe5 Rbb2 33. Bf1 Kg7 34.
Rd8 Bb7 35. Rb8 1-0

[Event "Bundesliga 9697"]
[Site "Deutschland"]
[Date "1997.??.??"]
[Round "?.6"]
[White "Troyke, Christian"]
[Black "Brendel, Oliver"]
[Result "1-0"]
[WhiteElo "2380"]
[BlackElo "2430"]
[PlyCount "83"]
[EventDate "1996.10.??"]
[EventType "team"]
[EventRounds "15"]
[EventCountry "GER"]
[SourceTitle "Bundesliga 9697"]
[Source "DeepChess"]
[SourceDate "2005.01.01"]
[SourceVersion "1"]
[SourceVersionDate "2005.01.01"]
[SourceQuality "1"]
[WhiteTeam "SV Erfurt West 90"]
[BlackTeam "SV Castrop Rauxel 1923"]
[WhiteTeamCountry "GER"]
[BlackTeamCountry "GER"]

1. g3 c5 2. Bg2 Nc6 3. c4 g6 4. Nc3 Bg7 5. Nf3 Nf6 6. O-O O-O 7. d4 cxd4 8.
Nxd4 Ng4 9. e3 d6 10. Nce2 Bd7 11. Bd2 Rb8 12. Bc3 a6 13. Rc1 Nxd4 14. Bxd4 Qa5
15. Bxg7 Kxg7 16. Qd4+ Kg8 17. Nc3 Qh5 18. h3 Nf6 19. Ne4 Nxe4 20. Qxe4 Rfe8
21. h4 b5 22. cxb5 Qxb5 23. b3 Qa5 24. Qb1 Qe5 25. Rc7 Bb5 26. Rfc1 e6 27. Qc2
Red8 28. Ra7 Rbc8 29. Qxc8 Rxc8 30. Rxc8+ Kg7 31. a4 Bd3 32. Rcc7 Qa1+ 33. Kh2
Qf6 34. f4 d5 35. Rxf7+ Qxf7 36. Rxf7+ Kxf7 37. a5 Ke7 38. Kg1 Kd6 39. Bh3 e5
40. fxe5+ Kxe5 41. Bf1 Ke4 42. b4 1-0

[Event "Bundesliga 9697"]
[Site "Deutschland"]
[Date "1997.??.??"]
[Round "?.7"]
[White "Hennig, Dirk"]
[Black "Brueggemann, Joachim"]
[Result "1-0"]
[WhiteElo "2445"]
[BlackElo "2285"]
[PlyCount "163"]
[EventDate "1996.10.??"]
[EventType "team"]
[EventRounds "15"]
[EventCountry "GER"]
[SourceTitle "Bundesliga 9697"]
[Source "DeepChess"]
[SourceDate "2005.01.01"]
[SourceVersion "1"]
[SourceVersionDate "2005.01.01"]
[SourceQuality "1"]
[WhiteTeam "SV Castrop Rauxel 1923"]
[BlackTeam "SV Erfurt West 90"]
[WhiteTeamCountry "GER"]
[BlackTeamCountry "GER"]

1. d4 Nf6 2. Nf3 e6 3. c4 Bb4+ 4. Bd2 Bxd2+ 5. Nbxd2 d6 6. e4 Nc6 7. d5 Ne7 8.
Bd3 O-O 9. O-O Ng6 10. Re1 e5 11. Rc1 Nh5 12. Rc3 Nhf4 13. Bf1 b6 14. h3 Nh4
15. g3 Nxf3+ 16. Qxf3 Ng6 17. Qg2 a5 18. Bd3 Qg5 19. Nf1 Qh5 20. h4 f5 21. Be2
Qh6 22. exf5 Rxf5 23. h5 Rxh5 24. Bxh5 Qxh5 25. Nd2 Bh3 26. Qh2 Rf8 27. f3 Qh6
28. Ne4 Bf5 29. Qxh6 gxh6 30. Kg2 Kg7 31. Rce3 Rf7 32. Rh1 Ne7 33. Nc3 Bg6 34.
Ne2 h5 35. Rc3 Kf8 36. Re1 Nf5 37. a3 a4 38. Kf2 Rg7 39. f4 e4 40. Rg1 Nh6 41.
Nd4 Re7 42. Nc2 Ke8 43. Ne3 Rf7 44. Rh1 Kd7 45. Rcc1 Rf8 46. Ke2 Ke7 47. Rcf1
Kf6 48. f5 Bf7 49. Rf4 Rg8 50. Kf2 Rg5 51. Rhh4 Be8 52. Rxe4 Bd7 53. Rhf4 Nxf5
54. Nxf5 Rxf5 55. Ke3 Rxf4 56. Kxf4 Bf5 57. Re3 Bg6 58. Re6+ Kf7 59. Kg5 Bd3
60. Rf6+ Kg7 61. Rf4 Bg6 62. c5 b5 63. cxd6 cxd6 64. Rf1 Be4 65. Re1 h6+ 66.
Kf4 Bxd5 67. Rd1 Bb3 68. Rxd6 Ba2 69. Rb6 Bc4 70. Kf3 Bf1 71. Kf2 Bc4 72. Kg2
Be2 73. Kh3 Bf1+ 74. Kh4 Be2 75. Re6 Bc4 76. Re5 Kg6 77. Rxh5 Bf1 78. Rc5 Bd3
79. Rc6+ Kh7 80. Kh5 Kg7 81. Rxh6 Be2+ 82. Kg5 1-0

[Event "Bundesliga 9697"]
[Site "Deutschland"]
[Date "1997.??.??"]
[Round "?.8"]
[White "Fuhrmann, Daniel"]
[Black "Lemmers, Oscar"]
[Result "1-0"]
[WhiteElo "2280"]
[BlackElo "2340"]
[PlyCount "71"]
[EventDate "1996.10.??"]
[EventType "team"]
[EventRounds "15"]
[EventCountry "GER"]
[SourceTitle "Bundesliga 9697"]
[Source "DeepChess"]
[SourceDate "2005.01.01"]
[SourceVersion "1"]
[SourceVersionDate "2005.01.01"]
[SourceQuality "1"]
[WhiteTeam "SV Erfurt West 90"]
[BlackTeam "SV Castrop Rauxel 1923"]
[WhiteTeamCountry "GER"]
[BlackTeamCountry "GER"]

1. d4 Nf6 2. c4 c5 3. d5 e6 4. Nc3 exd5 5. cxd5 d6 6. e4 g6 7. Nf3 a6 8. a4 Bg4
9. Be2 Bxf3 10. Bxf3 Nbd7 11. O-O Bg7 12. Re1 O-O 13. Be2 Qe7 14. Bf1 Rab8 15.
a5 Ne8 16. Na4 Nc7 17. Bf4 Nb5 18. Qb3 Nd4 19. Qg3 Ne5 20. Rac1 Rbe8 21. Nb6
Qd8 22. Bxe5 Bxe5 23. f4 Bf6 24. Qh3 Re7 25. b4 Rfe8 26. bxc5 Rxe4 27. Rxe4
Rxe4 28. c6 bxc6 29. dxc6 Nxc6 30. Rxc6 Bd4+ 31. Kh1 Re1 32. Qd3 Qh4 33. Rc8+
Kg7 34. Qxd4+ Kh6 35. Kg1 Qe7 36. Rc3 1-0

[Event "Bundesliga 9697"]
[Site "Deutschland"]
[Date "1996.??.??"]
[Round "?.3"]
[White "Hoffmann, Michael"]
[Black "Rogozenko, Dorian"]
[Result "1/2-1/2"]
[WhiteElo "2440"]
[BlackElo "2525"]
[PlyCount "108"]
[EventDate "1996.10.??"]
[EventType "team"]
[EventRounds "15"]
[EventCountry "GER"]
[SourceTitle "Bundesliga 9697"]
[Source "DeepChess"]
[SourceDate "2005.01.01"]
[SourceVersion "1"]
[SourceVersionDate "2005.01.01"]
[SourceQuality "1"]
[WhiteTeam "SV Castrop Rauxel 1923"]
[BlackTeam "USC Magdeburg"]
[WhiteTeamCountry "GER"]
[BlackTeamCountry "GER"]

1. e4 c5 2. Nf3 Nc6 3. d4 cxd4 4. Nxd4 Nf6 5. Nc3 e6 6. Ndb5 d6 7. Bf4 e5 8.
Bg5 a6 9. Na3 b5 10. Bxf6 gxf6 11. Nd5 f5 12. Bd3 Be6 13. O-O Bxd5 14. exd5 Ne7
15. c3 Qd7 16. Qh5 Rg8 17. Rad1 Rg6 18. Bb1 Bg7 19. Nc2 f4 20. Nb4 Rh6 21. Qe2
Kf8 22. Bc2 Kg8 23. a4 Kh8 24. axb5 axb5 25. Nc6 Bf6 26. Be4 Rg8 27. Rd3 Nc8
28. Kh1 Be7 29. Rh3 Rxh3 30. gxh3 f5 31. Bc2 e4 32. f3 e3 33. Rg1 Rxg1+ 34.
Kxg1 Bh4 35. Qg2 Ne7 36. Nxe7 Qxe7 37. Kf1 Qf7 38. Qe2 Qxd5 39. Qd1 Qe5 40. Ke2
Qg7 41. Kf1 Qe5 42. Ke2 b4 43. Qd3 bxc3 44. Qxc3 Qxc3 45. bxc3 Kg7 46. Bxf5 h6
47. c4 Kf6 48. Bd7 Bf2 49. Kf1 Ke5 50. Ke2 Bg1 51. Bc6 Bxh2 52. Bd5 Kf5 53. Bc6
Kg5 54. Bd7 Kh4 1/2-1/2

[Event "Bundesliga 9697"]
[Site "Deutschland"]
[Date "1996.??.??"]
[Round "?.4"]
[White "Naumann, Alexander"]
[Black "Appel, Ralf"]
[Result "1/2-1/2"]
[WhiteElo "2365"]
[BlackElo "2490"]
[PlyCount "108"]
[EventDate "1996.10.??"]
[EventType "team"]
[EventRounds "15"]
[EventCountry "GER"]
[SourceTitle "Bundesliga 9697"]
[Source "DeepChess"]
[SourceDate "2005.01.01"]
[SourceVersion "1"]
[SourceVersionDate "2005.01.01"]
[SourceQuality "1"]
[WhiteTeam "USC Magdeburg"]
[BlackTeam "SV Castrop Rauxel 1923"]
[WhiteTeamCountry "GER"]
[BlackTeamCountry "GER"]

1. d4 Nf6 2. c4 d6 3. Nc3 e5 4. Nf3 exd4 5. Nxd4 g6 6. e4 Bg7 7. Be2 O-O 8. O-O
Re8 9. f3 Nc6 10. Nc2 Nh5 11. g4 Nf6 12. Bg5 h6 13. Bh4 g5 14. Bg3 h5 15. h3
hxg4 16. hxg4 Nd7 17. Qd2 Nc5 18. Kg2 Ne5 19. Ne3 Ng6 20. Nf5 Be5 21. Rh1 Bxf5
22. gxf5 Nf4+ 23. Kf2 c6 24. Rag1 Kf8 25. Rh6 Ke7 26. Rgh1 Qb6 27. Kf1 Rh8 28.
Nd1 Rxh6 29. Rxh6 Rh8 30. Rxh8 Bxh8 31. b3 Be5 32. Ne3 Qd8 33. Bd1 Qh8 34. Qh2
Qxh2 35. Bxh2 Nfd3 36. Bg1 Nc1 37. b4 N5d3 38. a3 Bb2 39. Nc2 a6 40. Be3 f6 41.
Be2 Ne5 42. c5 dxc5 43. Bxc5+ Kd7 44. Be3 b5 45. Bd4 Bxd4 46. Nxd4 Kd6 47. Ne6
Nb3 48. Ke1 c5 49. bxc5+ Nxc5 50. Nd4 Ncd3+ 51. Kd2 Nf4 52. Bf1 Nh5 53. Kc3 Kc5
54. Ne6+ Kd6 1/2-1/2

[Event "Bundesliga 9697"]
[Site "Deutschland"]
[Date "1996.??.??"]
[Round "?.5"]
[White "Libeau, Rene"]
[Black "Proehl, Holger"]
[Result "1/2-1/2"]
[WhiteElo "2450"]
[BlackElo "2400"]
[PlyCount "100"]
[EventDate "1996.10.??"]
[EventType "team"]
[EventRounds "15"]
[EventCountry "GER"]
[SourceTitle "Bundesliga 9697"]
[Source "DeepChess"]
[SourceDate "2005.01.01"]
[SourceVersion "1"]
[SourceVersionDate "2005.01.01"]
[SourceQuality "1"]
[WhiteTeam "SV Castrop Rauxel 1923"]
[BlackTeam "USC Magdeburg"]
[WhiteTeamCountry "GER"]
[BlackTeamCountry "GER"]

1. c4 e6 2. Nc3 d5 3. d4 Nf6 4. Bg5 Be7 5. Nf3 c6 6. e3 Nbd7 7. Bd3 O-O 8. O-O
Re8 9. Qc2 h6 10. Bh4 dxc4 11. Bxc4 Nd5 12. Bg3 Nxc3 13. bxc3 b5 14. Be2 Bb7
15. a4 a6 16. Rfb1 Qc8 17. Nd2 Bf8 18. Nb3 Nb6 19. Na5 Ra7 20. Nxb7 Rxb7 21. a5
Nd7 22. c4 e5 23. Bf3 Rc7 24. Bg4 Qb7 25. Bxd7 Rxd7 26. Bxe5 Bd6 27. Bxd6 Rxd6
28. Rc1 Rg6 29. g3 Qd7 30. cxb5 cxb5 31. Qc7 Qd5 32. Qf4 Rf6 33. Rc5 Qxc5 34.
dxc5 Rxf4 35. gxf4 Rc8 36. Rc1 Rc6 37. Kg2 b4 38. Kf3 b3 39. Ke4 b2 40. Rb1
Rxc5 41. Rxb2 Rxa5 42. Rb8+ Kh7 43. Ra8 Kg6 44. Ra7 Kf6 45. Kf3 h5 46. Kg3 g6
47. e4 Ra4 48. f3 Ra2 49. h3 Ra3 50. Rb7 a5 1/2-1/2